000 02173cam a2200505 i 4500
001 20867734
003 URS
005 20230208143523.0
008 190226t20192019ja a u001 0 eng d
010 _a 2019935466
016 7 _aBB29023552
_2JP-ToKJK
020 _a9784805313718
_q(pbk.)
020 _a4805313714
_q(pbk.)
035 _a(OCoLC)on1137567887
040 _aLWU
_beng
_cLWU
_erda
_dOCLCO
_dOCLCF
_dJTH
_dOCLCQ
_dA2A
_dJTH
_dOCL
_dYDX
_dOCLCQ
_dDLC
041 0 _aeng
_ajpn
042 _alccopycat
050 0 0 _aPL539.3
_b.M66 2019
082 _a495.6/83421
_bM66 2019
084 _a817.8
_2njb/10
100 1 _aMonane, Tazuko Ajiro,
_eauthor.
245 1 0 _aJapanese made easy :
_ba situation-based guide designed to get you speaking simple Japanese from the very first day! /
_cTazuko Ajiro Monane ; updated and revised by Yumi Matsunari.
250 _aFirst revised edition.
264 1 _aTokyo :
_bTuttle Publishing,
_c[2019]
264 4 _c©2019
300 _a256 pages :
_billustrations ;
_c21 cm
336 _atext
_btxt
_2rdacontent
337 _aunmediated
_bn
_2rdamedia
338 _avolume
_bnc
_2rdacarrier
500 _aIncludes index.
520 _aIn this completely revised edition, vocabulary and sentences are shown in Japanese script, as well as romanized Japanese and English. This book includes many new dialogues, cultural notes, illustrations and updated vocabulary. --Publisher
650 0 _aJapanese language
_vTextbooks for foreign speakers
_xEnglish.
650 0 _aJapanese language
_vSelf-instruction.
650 0 _aJapanese language.
650 0 _aJapanese language
_xSpoken Japanese.
650 7 _aJapanese language.
_2fast
_0(OCoLC)fst00981565
650 7 _aJapanese language
_xSpoken Japanese.
_2fast
_0(OCoLC)fst00981728
655 7 _aTextbooks
_vfor English speakers.
_2fast
_0(OCoLC)fst01423865
655 7 _aSelf-instruction.
_2fast
_0(OCoLC)fst01423884
700 1 _aMatsunari, Yumi,
_etranslator.
906 _a7
_bcbc
_ccopycat
_d2
_encip
_f20
_gy-gencatlg
942 _2ddc
_cFR
999 _c68232
_d68232